Principles of sociology. (Record no. 192)

MARC details
000 -LEADER
fixed length control field 00485cam a2200193ua 4500
001 - CONTROL NUMBER
control field 225
005 - DATE AND TIME OF LATEST TRANSACTION
control field 20260515113134.0
008 - FIXED-LENGTH DATA ELEMENTS--GENERAL INFORMATION
fixed length control field 110324n ii |||gr||||Z||||||eng
040 ## - CATALOGING SOURCE
Transcribing agency MAIN
082 ## - DEWEY DECIMAL CLASSIFICATION NUMBER
Classification number 301
245 ## - TITLE STATEMENT
Title Principles of sociology.
Statement of responsibility, etc. By Ram Nath Sharma.
250 ## - EDITION STATEMENT
Edition statement 1st.
260 ## - PUBLICATION, DISTRIBUTION, ETC.
Place of publication, distribution, etc. New Delhi.:
Name of publisher, distributor, etc. Asia publishing house.,968.
300 ## - PHYSICAL DESCRIPTION
Extent xiii, 460 p.:5 cm.
653 ## - INDEX TERM--UNCONTROLLED
Uncontrolled term Sociology.
653 ## - INDEX TERM--UNCONTROLLED
Uncontrolled term Principles of sociology.
700 1# - ADDED ENTRY--PERSONAL NAME
Personal name Sharma, Ram Nath.,
942 ## - ADDED ENTRY ELEMENTS (KOHA)
Koha item type Books
Holdings
Withdrawn status Lost status Damaged status Not for loan Home library Current library Shelving location Date acquired Total checkouts Full call number Barcode Date last seen Copy number Price effective from Koha item type
        Naharkatiya College Library Naharkatiya College Library General stacks 09/19/2020   301 | SHA 15056 09/19/2020 1 09/19/2020 Books